000 00337nam a2200145Ia 4500
008 260311s9999 xx 000 0 und d
020 _a9789386479471
082 _a615.5
100 _aRATNANI SONIA
245 0 _aCOMPREHENSIVE STEREOCHEMISTRY
250 _aFIRST
260 _aDJ BOOKS
_bMEDTECH
_c2026
300 _a232
942 _cBK
999 _c50730
_d50730